[Event "Nimzo would of been proud"]
[Site "SchemingMind.com"]
[Date "2006.12.01"]
[Round "-"]
[White "jtrochez1"]
[Black "HURRICANEWARNING"]
[Result "1-0"]
[WhiteCountry "HON"]
[BlackCountry "USA"]
[WhiteElo "1592"]
[WhiteRD "50"]
[BlackElo "1384"]
[BlackRD "104"]
[GameID "79484"]

1. d4 Nf6 2. c4 e6 3. Nc3 Bb4 4. Bd2 Nc6 5. Nf3 d6 6. e4 Bxc3 7. Bxc3 Nxe4 8. Qc2 f5 9. Bd3 Nf6 10. O-O f4
11. d5 exd5 12. Rfe1+ Kf8 13. cxd5 Ne7 14. Bxf6 gxf6 15. Bxh7 Nxd5 16. Qe4 Kg7 17. Bf5 c6 18. Bxc8 Qxc8 19. Nd4 Re8 20. Nf5+ Kf7
21. Qc2 Nb4 22. Qb3+ Kg6 23. Nxd6 Rxe1+ 24. Rxe1 Qc7 25. Qxb4 Rd8 26. Ne4 Qd7 27. h3 f3 28. Qc3 fxg2 29. Qxf6+ Kh7 30. Ng5+ Kg8
31. Qg6+ Kf8 32. Nh7+
1-0

[Event "Nimzo would of been proud"]
[Site "SchemingMind.com"]
[Date "2006.12.01"]
[Round "-"]
[White "klesley"]
[Black "jtrochez1"]
[Result "1-0"]
[WhiteCountry "USA"]
[BlackCountry "HON"]
[WhiteElo "1720"]
[WhiteRD "76"]
[BlackElo "1529"]
[BlackRD "47"]
[GameID "79485"]

1. d4 Nf6 2. c4 e6 3. Nc3 Bb4 4. Nf3 Nc6 5. Qc2 h6 6. e3 d6 7. Bd2 a6 8. d5 exd5 9. cxd5 Ne7 10. e4 Ng6
11. Qa4+ c6 12. Qxb4 c5 13. Qa4+ Bd7 14. Qb3 b5 15. a3 O-O 16. Be2 Bg4 17. h3 Bxf3 18. Bxf3 Rb8 19. Ne2 c4 20. Qc2 Qe8
21. O-O-O Ne5 22. Bf4 Qd8 23. Nd4 Rc8 24. Bxe5 dxe5 25. Nc6 Qd6 26. Qc3 Rc7 27. Qb4 Ne8 28. Kc2 Qxb4 29. axb4 Nd6 30. Rhe1 f5
31. exf5 Rxf5 32. Rxe5 Rxe5 33. Nxe5 Ra7 34. Nc6 Ra8 35. Re1 Re8 36. Rxe8+ Nxe8 37. Nb8 g5 38. Nxa6 Nd6 39. Kc3 Kf7 40. Kd4 Ke7
41. Kc5 Nf5 42. Nc7 Kd7 43. Nxb5
1-0

[Event "Nimzo would of been proud"]
[Site "SchemingMind.com"]
[Date "2006.12.01"]
[Round "-"]
[White "echecs"]
[Black "jtrochez1"]
[Result "1-0"]
[WhiteCountry "ENG"]
[BlackCountry "HON"]
[WhiteElo "1795"]
[WhiteRD "57"]
[BlackElo "1529"]
[BlackRD "47"]
[GameID "79486"]

1. d4 Nf6 2. c4 e6 3. Nc3 Bb4 4. Bd2 c6 5. a3 Be7 6. Nf3 h6 7. e4 d6 8. Be2 Nbd7 9. O-O e5 10. d5 cxd5
11. exd5 a6 12. b4 b6 13. a4 a5 14. Nb5 Ba6 15. bxa5 Bxb5 16. axb5 Ne4 17. a6 Nxd2 18. Qxd2 Nc5 19. Ne1 Bg5 20. Qa2 f5
21. Nd3 Qc7 22. Bh5+ Ke7 23. Nb4 Kf6 24. Nc6 g6 25. Be2 h5 26. Qb2 Kf7 27. Ra2 Bf6 28. Qc2 e4 29. Bd1 h4 30. h3 Qd7
31. Qe2 Kf8 32. Qe3 g5 33. f3 f4 34. Qa3 e3 35. a7 Kg7 36. Re1 Rhe8 37. Bc2 Rh8 38. Re2 Rhe8 39. Bb1 Rh8 40. Qb4 Rhe8
41. Ra3 Rec8 42. Rea2 Rc7 43. Qe1 Kh6 44. Qe2 Qg7 45. Bf5 Bd4 46. Bg4 Rf7 47. Kf1 Qg6 48. Qd1 Bf6 49. Be6 Nxe6 50. dxe6 Rc7
51. Qxd6 Rg7 52. e7 Kh5 53. e8=Q Qxe8 54. Qxf6 Rd7 55. Ke2 Qg8 56. Ra4 Qh7 57. Ne5 Rg7 58. Qxb6 Rgg8 59. c5 Rge8 60. Ng4 Rg8
61. Nf6+
1-0

[Event "Nimzo would of been proud"]
[Site "SchemingMind.com"]
[Date "2006.12.01"]
[Round "-"]
[White "tacticrules"]
[Black "jtrochez1"]
[Result "0-1"]
[WhiteCountry "GER"]
[BlackCountry "HON"]
[WhiteElo "1583"]
[WhiteRD "51"]
[BlackElo "1529"]
[BlackRD "47"]
[GameID "79487"]

1. d4 Nf6 2. c4 e6 3. Nc3 Bb4 4. Qc2 Nc6 5. e3 d5 6. a3 Bxc3+ 7. bxc3 Ne7 8. Nf3 Ng6 9. Bd3 O-O 10. O-O c6
11. Bd2 Qc7 12. Rfe1 dxc4 13. Bxc4 b5 14. Be2 h6 15. c4 bxc4 16. Bxc4 Nd5 17. e4 Nb6 18. Bd3 a5 19. Rac1 e5 20. dxe5 Nxe5
21. Nxe5 Qxe5 22. Qxc6 Qb8 23. Rb1 Bd7 24. Qxb6 Qxb6 25. Rxb6 Rfc8 26. Reb1 Be6 27. R6b5 a4 28. f4 Bb3 29. Kf2 Ra7 30. Rb8 Rxb8
31. Bb4 Rc8 32. Ke3 f6 33. g4 Kf7 34. h4 Rac7 35. Bd6 Rc1 36. Rb2 Bc4 37. Bxc4+ R1xc4 38. Rb7+ Kg8 39. Bb4 Re8 40. e5 fxe5
41. Kd3 Rxf4 42. Bc3 Rxg4 43. Be1 e4+ 44. Ke3 Rf8 45. Ke2 Rc8 46. Ke3 Rc1 47. Ke2 Rg2+ 48. Kf1 Ra2 49. Rb8+ Kh7 50. Re8 Rxa3
51. Ke2 Ra2+ 52. Kf1 Rc4 53. Re5 Rh2 54. Kg1 Rcc2 55. Rxe4 a3 56. Ra4 a2 57. Ra3 Rhe2 58. Kf1 Re7 59. Ra4 Rb7 60. Ra3 Rb1
0-1

[Event "Nimzo would of been proud"]
[Site "SchemingMind.com"]
[Date "2006.12.02"]
[Round "-"]
[White "Marcos Natal"]
[Black "jtrochez1"]
[Result "0-1"]
[WhiteCountry "BRA"]
[BlackCountry "HON"]
[WhiteElo "1193"]
[WhiteRD "93"]
[BlackElo "1495"]
[BlackRD "52"]
[GameID "79488"]

1. d4 Nf6 2. c4 e6 3. Nc3 Bb4 4. e3 Ne4 5. Qc2 Nxc3 6. bxc3 Be7 7. Nf3 Nc6 8. Bd3 h6 9. d5 exd5 10. cxd5 Nb8
11. O-O d6 12. Nd4 c5 13. Nb5 O-O 14. e4 a6 15. Na3 Nd7 16. f4 Bf6 17. Nc4 Qc7 18. Rb1 b5 19. Ne3 Nb6 20. c4 bxc4
21. Bxc4 Nxc4 22. Nxc4 a5 23. e5 dxe5 24. d6 Qa7 25. fxe5 Bd8 26. Bxh6 gxh6 27. Rf3 Kh8 28. Rbf1 Rg8 29. Rxf7 Bd7
0-1

[Event "Nimzo would of been proud"]
[Site "SchemingMind.com"]
[Date "2006.12.02"]
[Round "-"]
[White "Archives"]
[Black "jtrochez1"]
[Result "0-1"]
[WhiteCountry "NZL"]
[BlackCountry "HON"]
[WhiteElo "1434"]
[WhiteRD "97"]
[BlackElo "1529"]
[BlackRD "47"]
[GameID "79489"]

1. d4 Nf6 2. c4 e6 3. Nc3 Bb4 4. e3 Bxc3+ 5. bxc3 b6 6. Bd3 d5 7. Ba3 Nbd7 8. Nf3 h6 9. O-O c5 10. Qa4 O-O
0-1

[Event "Nimzo would of been proud"]
[Site "SchemingMind.com"]
[Date "2006.12.01"]
[Round "-"]
[White "HURRICANEWARNING"]
[Black "jtrochez1"]
[Result "1-0"]
[WhiteCountry "USA"]
[BlackCountry "HON"]
[WhiteElo "1384"]
[WhiteRD "104"]
[BlackElo "1592"]
[BlackRD "50"]
[GameID "79490"]

1. d4 Nf6 2. c4 e6 3. Nc3 Bb4 4. a3 Bxc3+ 5. bxc3 O-O 6. Nf3 Nc6 7. d5 exd5 8. cxd5 Nb8 9. c4 d6 10. Qd3 h6
11. h3 c6 12. g4 Qe7 13. g5 Ne4 14. gxh6 gxh6 15. Bxh6 Re8 16. Rg1+ Kh8 17. Qd4+ f6 18. Rg7 Qd8 19. e3 c5 20. Qb2 Re7
21. Rg4 Bxg4 22. hxg4 Qg8 23. g5 Kh7 24. Bd3 Nd7 25. Ke2 Kg6 26. Rg1 f5 27. Nh4+ Kh7 28. f3 Ne5 29. fxe4 Nxd3 30. Kxd3 fxe4+
31. Ke2 Re5 32. Qxb7+ Kh8 33. Qd7 Rd8 34. Qxa7 Qh7 35. Qb6 Re7 36. Qb2+ Kg8 37. Rf1 Rf7 38. g6 Qxh6 39. gxf7+ Kf8 40. Rf4 Qh5+
41. Kd2 Qh7 42. Qf6 Rd7 43. Ng6+
1-0

[Event "Nimzo would of been proud"]
[Site "SchemingMind.com"]
[Date "2006.12.02"]
[Round "-"]
[White "keen"]
[Black "jtrochez1"]
[Result "1-0"]
[WhiteCountry "SCO"]
[BlackCountry "HON"]
[WhiteElo "1730"]
[WhiteRD "67"]
[BlackElo "1592"]
[BlackRD "50"]
[GameID "79749"]

1. d4 Nf6 2. c4 e6 3. Nc3 Bb4 4. Qc2 Ne4 5. Qxe4 Bxc3+ 6. bxc3 d6 7. Nf3 h6 8. e3 O-O 9. Be2 Nd7 10. O-O Nf6
11. Qc2 Kh8 12. e4 b6 13. e5 dxe5 14. Nxe5 Ng8 15. Bf3 c6 16. Nxc6 Qc7 17. Ba3 Re8 18. Ne5 Bb7 19. Bd6 Re7 20. Bxc7 Rxc7
21. Bxb7 Rxb7 22. Qe4 Rbb8 23. Nxf7#
1-0

[Event "Nimzo would of been proud"]
[Site "SchemingMind.com"]
[Date "2006.12.02"]
[Round "-"]
[White "keen"]
[Black "klesley"]
[Result "0-1"]
[WhiteCountry "SCO"]
[BlackCountry "USA"]
[WhiteElo "1730"]
[WhiteRD "67"]
[BlackElo "1740"]
[BlackRD "78"]
[GameID "79750"]

1. d4 Nf6 2. c4 e6 3. Nc3 Bb4 4. Qc2 d5 5. Nf3 dxc4 6. e4 b5 7. Be2 Bxc3+ 8. bxc3 Bb7 9. a4 c6 10. Ba3 a6
11. O-O Nbd7 12. Bd6 c5 13. d5 exd5 14. exd5 Bxd5 15. Rfe1 Be6 16. Bxc4 bxc4 17. Qf5 Qb6 18. Rad1 O-O-O 19. Rxe6 fxe6 20. Qxe6 Ne8
21. h3 Nxd6 22. Ne5 Rhe8 23. Qxd6 Qxd6
0-1

[Event "Nimzo would of been proud"]
[Site "SchemingMind.com"]
[Date "2006.12.05"]
[Round "-"]
[White "keen"]
[Black "echecs"]
[Result "1-0"]
[WhiteCountry "SCO"]
[BlackCountry "ENG"]
[WhiteElo "1736"]
[WhiteRD "61"]
[BlackElo "1795"]
[BlackRD "57"]
[GameID "79751"]

1. d4 Nf6 2. c4 e6 3. Nc3 Bb4 4. Qc2 d5 5. Nf3 O-O 6. Bg5 Be7 7. e3 b6 8. Bd3 h6 9. Bh4 Bb7 10. cxd5 Nxd5
11. Bg3 Nb4 12. Bh7+ Kh8 13. Qb1 Nd7 14. Be4 Bxe4 15. Nxe4 c5 16. O-O Nd5 17. Rd1 c4 18. Nc3 a6 19. a3 b5 20. Nxd5 exd5
21. e4 dxe4 22. Qxe4 Nf6 23. Qb7 Ne8 24. Ne5 Nd6 25. Qd5 Qe8 26. Nc6 Nc8 27. Re1 f6 28. Nxe7 Nxe7 29. Qb7 Rf7 30. Bd6 Rd8
31. Rxe7 Rxe7 32. Qxe7 Qxe7 33. Bxe7 Rxd4 34. Bb4 Rd8 35. h3 Ra8 36. Rd1 Kh7 37. Rd7 Kg6 38. Kf1 Re8 39. Rd6
1-0

[Event "Nimzo would of been proud"]
[Site "SchemingMind.com"]
[Date "2006.12.02"]
[Round "-"]
[White "keen"]
[Black "tacticrules"]
[Result "0-1"]
[WhiteCountry "SCO"]
[BlackCountry "GER"]
[WhiteElo "1736"]
[WhiteRD "61"]
[BlackElo "1583"]
[BlackRD "51"]
[GameID "79752"]

1. d4 Nf6 2. c4 e6 3. Nc3 Bb4 4. Qc2 O-O 5. Nf3 c5 6. Bg5 d5 7. cxd5 exd5 8. a3 Bxc3+ 9. bxc3 c4 10. e4 h6
11. Bh4 Nbd7 12. e5 g5 13. Nxg5 hxg5 14. Bxg5 Re8 15. Be2 Nxe5 16. dxe5 Rxe5 17. f4 Bf5 18. Qd2 Re6 19. O-O Qb6+ 20. Kh1 Ne4
21. Qxd5 Bg6 22. Qd4 Qxd4 23. cxd4 Nxg5 24. Bxc4 Rc6 25. Bd5 Rd6 26. Bxb7 Rb8 27. Rab1 Bxb1 28. Rxb1 Ne6 29. g3 Rb6 30. Rxb6 axb6
31. Ba6 Nxd4 32. a4 Ra8
0-1

[Event "Nimzo would of been proud"]
[Site "SchemingMind.com"]
[Date "2006.12.02"]
[Round "-"]
[White "keen"]
[Black "Marcos Natal"]
[Result "1-0"]
[WhiteCountry "SCO"]
[BlackCountry "BRA"]
[WhiteElo "1736"]
[WhiteRD "61"]
[BlackElo "1352"]
[BlackRD "99"]
[GameID "79753"]

1. d4 Nf6 2. c4 e6 3. Nc3 Bb4 4. Qc2 c5 5. Nf3 cxd4 6. Nxd4 Nc6 7. Nxc6 bxc6 8. e4 O-O 9. Bd3 Ng4 10. O-O Qh4
11. h3 Ne5 12. Be2 Ba6 13. b3 Bxc3 14. Qxc3 Qxe4 15. Re1 Qf5 16. Bd1 Nd3 17. Re2 Nxc1 18. Rxc1 Qf4 19. Re3 d5 20. Rg3 Rab8
21. Qxg7#
1-0

[Event "Nimzo would of been proud"]
[Site "SchemingMind.com"]
[Date "2006.12.02"]
[Round "-"]
[White "keen"]
[Black "HURRICANEWARNING"]
[Result "1-0"]
[WhiteCountry "SCO"]
[BlackCountry "USA"]
[WhiteElo "1730"]
[WhiteRD "67"]
[BlackElo "1384"]
[BlackRD "104"]
[GameID "79755"]

1. d4 Nf6 2. c4 e6 3. Nc3 Bb4 4. Qc2 O-O 5. Nf3 d5 6. Bg5 dxc4 7. e4 Qd7 8. Bxc4 Qc6 9. Bd3 Nh5 10. O-O f6
11. Be3 a6 12. e5 f5 13. Be2 f4 14. Ng5 g6 15. Bxh5 Rf5 16. Bf3 Qe8 17. Nge4 Nd7 18. Bd2 b6 19. Nf6+ Nxf6 20. Bxa8 Ng4
21. Be4 Rh5 22. Bxf4 Qf7 23. Bg3 c5 24. Ne2 Qf8 25. Bf3 Rg5 26. h4 Rf5 27. Bxg4 Rf7 28. a3 Ba5 29. Rad1 Bb7 30. Bxe6 Qa8
31. Bxf7+ Kxf7 32. Nf4 Be4 33. Qe2 Kg7 34. d5 Bf5 35. e6 b5 36. Qe5+ Kg8 37. e7 Qe8 38. d6 Bd7 39. Nd5 Qb8 40. Nf6+ Kf7
41. Nxd7 Qe8 42. Qf6+
1-0

[Event "Nimzo would of been proud"]
[Site "SchemingMind.com"]
[Date "2006.12.03"]
[Round "-"]
[White "jtrochez1"]
[Black "keen"]
[Result "0-1"]
[WhiteCountry "HON"]
[BlackCountry "SCO"]
[WhiteElo "1529"]
[WhiteRD "47"]
[BlackElo "1736"]
[BlackRD "61"]
[GameID "79756"]

1. d4 Nf6 2. c4 e6 3. Nc3 Bb4 4. Bd2 O-O 5. e4 Bxc3 6. Bxc3 Nxe4 7. Nf3 Nxc3 8. bxc3 d5 9. c5 Nc6 10. Bd3 e5
11. dxe5 Re8 12. O-O Bg4 13. h3 Bxf3 14. Qxf3 Nxe5 15. Qd1 Nxd3 16. Qxd3 c6 17. f3 Qa5 18. Qd4 Re2 19. a4 Rae8 20. Rfc1 Qc7
21. Qg4 h6 22. Rf1 Qe5 23. Qd4 Qe3+ 24. Qxe3 R8xe3 25. Rf2 Rxf2 26. Kxf2 Rxc3 27. Re1 Rxc5 28. Re7 Ra5 29. Rxb7 Rxa4 30. Rc7 Ra5
31. Rxc6 d4 32. Rd6 Ra2+ 33. Kg3 Kf8 34. Rxd4 a5 35. f4 a4 36. Kf3 a3 37. g4 Rc2 38. Ra4 a2 39. Ke3 Rc3+ 40. Kd2 Rxh3
41. Kc1 Rh2 42. Ra3 g6 43. Ra7 h5 44. gxh5 gxh5 45. f5 Kg7 46. Ra6 h4 47. f6+ Kg6 48. Ra3 Kxf6 49. Ra5 h3 50. Ra4 Rf2
0-1

[Event "Nimzo would of been proud"]
[Site "SchemingMind.com"]
[Date "2006.12.03"]
[Round "-"]
[White "klesley"]
[Black "keen"]
[Result "0-1"]
[WhiteCountry "USA"]
[BlackCountry "SCO"]
[WhiteElo "1720"]
[WhiteRD "76"]
[BlackElo "1736"]
[BlackRD "61"]
[GameID "79757"]

1. d4 Nf6 2. c4 e6 3. Nc3 Bb4 4. Qc2 O-O 5. Nf3 c5 6. a3 Bxc3+ 7. Qxc3 Ne4 8. Qe3 d5 9. cxd5 exd5 10. dxc5 Re8
11. Qf4 Nc6 12. b4 a5 13. b5 Qe7 14. Nd2 Nd4 15. e3 Nc2+ 16. Kd1 Nxa1 17. Bb2 Qxc5 18. Bd3 Nxd2 19. Kxd2 Nb3+ 20. Ke2 d4
21. Rf1 a4 22. h3 Bd7 23. Qh4 g6 24. Kd1 Bxb5 25. exd4 Qd5 26. Bxb5 Qxb5 27. Re1 Qd3#
0-1

[Event "Nimzo would of been proud"]
[Site "SchemingMind.com"]
[Date "2006.12.06"]
[Round "-"]
[White "echecs"]
[Black "keen"]
[Result "0-1"]
[WhiteCountry "ENG"]
[BlackCountry "SCO"]
[WhiteElo "1795"]
[WhiteRD "57"]
[BlackElo "1736"]
[BlackRD "61"]
[GameID "79758"]

1. d4 Nf6 2. c4 e6 3. Nc3 Bb4 4. Qc2 O-O 5. a3 Bxc3+ 6. Qxc3 d5 7. Bg5 Nbd7 8. Nf3 h6 9. Bh4 dxc4 10. Qxc4 c6
11. e3 Nb6 12. Qb3 Nbd5 13. e4 Qa5+ 14. Nd2 Nxe4 15. O-O-O Nxd2 16. Rxd2 Bd7 17. Qxb7 Nb6 18. Bg3 Bc8 19. Qxc6 Bd7 20. Qe4 Rac8+
21. Rc2 Rxc2+ 22. Kxc2 Ba4+ 23. Kb1 Rc8 24. Bd3 g6 25. Qe2 Nd5 26. Rc1 Rxc1+ 27. Kxc1 Qb6 28. Qe5 Qc6+ 29. Kb1 Qb6 30. f3 Kh7
31. h4 Nc3+ 32. Ka1 Qb3 33. Bxg6+ Kxg6 34. bxc3 Qxc3+ 35. Kb1 Bc2+
0-1

[Event "Nimzo would of been proud"]
[Site "SchemingMind.com"]
[Date "2006.12.03"]
[Round "-"]
[White "tacticrules"]
[Black "keen"]
[Result "0-1"]
[WhiteCountry "GER"]
[BlackCountry "SCO"]
[WhiteElo "1583"]
[WhiteRD "51"]
[BlackElo "1736"]
[BlackRD "61"]
[GameID "79759"]

1. d4 Nf6 2. c4 e6 3. Nc3 Bb4 4. Qc2 O-O 5. a3 Bxc3+ 6. bxc3 c5 7. Nf3 Qc7 8. Bg5 Ne8 9. e4 d5 10. exd5 exd5
11. Bd3 f5 12. O-O h6 13. Be3 Nc6 14. dxc5 Be6 15. cxd5 Bxd5 16. Bxf5 Qf7 17. Bh7+ Kh8 18. Nh4 Ne7 19. Bd4 Nf6 20. Bd3 Qh5
21. Ng6+ Nxg6 22. Bxg6 Qg4 23. g3 Qf3
0-1

[Event "Nimzo would of been proud"]
[Site "SchemingMind.com"]
[Date "2006.12.03"]
[Round "-"]
[White "Marcos Natal"]
[Black "keen"]
[Result "0-1"]
[WhiteCountry "BRA"]
[BlackCountry "SCO"]
[WhiteElo "1193"]
[WhiteRD "93"]
[BlackElo "1749"]
[BlackRD "62"]
[GameID "79760"]

1. d4 Nf6 2. c4 e6 3. Nc3 Bb4 4. e3 O-O 5. Ne2 c5 6. d5 b5 7. a3 Bxc3+ 8. Nxc3 bxc4 9. Bxc4 Ba6 10. Bxa6 Nxa6
11. O-O Qb8 12. e4 Qb7 13. Re1 Rad8 14. d6 Rb8 15. e5 Ne8 16. Ne4 f6 17. f4 fxe5 18. fxe5 Rf5 19. Ng3 Rf7 20. Bg5 Qxb2
0-1

[Event "Nimzo would of been proud"]
[Site "SchemingMind.com"]
[Date "2006.12.03"]
[Round "-"]
[White "HURRICANEWARNING"]
[Black "keen"]
[Result "0-1"]
[WhiteCountry "USA"]
[BlackCountry "SCO"]
[WhiteElo "1384"]
[WhiteRD "104"]
[BlackElo "1730"]
[BlackRD "67"]
[GameID "79762"]

1. d4 Nf6 2. c4 e6 3. Nc3 Bb4 4. Nf3 O-O 5. d5 exd5 6. cxd5 Re8 7. Qd3 Na6 8. Bf4 Ne4 9. Qd4 c5 10. Qe3 Nxc3
11. Qd3 Nxe2+ 12. Bd2 Nf4+ 13. Qe3 Rxe3+ 14. fxe3 Nxd5 15. O-O-O Bxd2+ 16. Kxd2 Qa5+ 17. Kc1 Qxa2 18. Rd3 Qa1+ 19. Kc2 Nab4+ 20. Kd2 Qxb2+
21. Ke1 Nxd3+ 22. Bxd3 Qc1+ 23. Kf2 Qxh1 24. Bf1 Nxe3
0-1